| 000 | 00553nam a2200157 4500 | ||
|---|---|---|---|
| 008 | 0 1995 0a 000 0MEX | ||
| 020 | _a970-15-0027-X | ||
| 050 | _aHD37 S66 F4 | ||
| 082 | _a658.568 F288h | ||
| 100 | _aFea, Ugo | ||
| 245 | _aHacia un nuevo concepto de empresa occidental : la empresa din mica en calidad total / Ugo Fea | ||
| 260 | _aMéxico : Alfaomega | ||
| 300 | _a286 p. / 23 cm. | ||
| 440 | _aEstrategia y gestión competitiva | ||
| 650 | _a1.CALIDAD TOTAL-ADMINISTRACION \ 2.CAMBIO ORGANIZACIONAL \ 3.CAMBIO CORPORATIVO | ||
| 999 |
_c18711 _d18711 |
||